000 00441nam a2200169Ia 4500
005 20250124035945.0
008 240331s9999 xx 000 0 und d
020 _a9555993246
082 _bARI
_a920
100 _aAriyaratne, A.T
245 0 _aBhava Thanha :
_ban autobiography,
260 _aRatmalana
_bVishva Lekha
_c2003
300 _aXxvi, 929 p ., Volume 2(1972-1985)
650 _aBiography
650 _aautobiography
942 _cL
999 _c3395
_d3395